[Event "Championnat de la Loire - Top20"]
[Site "Loire"]
[Date "2003.09.27"]
[Round "1.1"]
[White "Mujic, Saban"]
[Black "Cursoux, Gerard"]
[Result "1-0"]
[WhiteElo "1870"]
[BlackElo "2130"]
[PlyCount "145"]

1. d4 Nf6 2. c4 c5 3. d5 b5 4. e3 bxc4 5. Bxc4 g6 6. Nc3 d6 7. Nf3 Bg7 8. O-O
O-O 9. Qc2 Nbd7 10. Re1 Nb6 11. Qe2 Bg4 12. e4 Nfd7 13. Bd3 Ne5 14. Bf4 c4 15.
Bc2 Nbd7 16. h3 Nxf3+ 17. gxf3 Bh5 18. Qe3 Qc8 19. Kg2 Rb8 20. Rab1 Qc5 21.
Qxc5 Nxc5 22. Be3 Rfc8 23. Bxc5 Rxc5 24. f4 Rc7 25. e5 Rcb7 26. b3 cxb3 27.
Rxb3 Rxb3 28. Bxb3 g5 29. fxg5 Bxe5 30. Ne2 Rb4 31. f3 a5 32. Rc1 a4 33. Bc2
Rb2 34. Bd3 Bg6 35. Bc4 Bf4 36. Rc3 Bxg5 37. Kg3 Bf6 38. Ra3 Rb4 39. Ba6 Bc2
40. Nc3 h5 41. f4 e5 42. dxe6 fxe6 43. Be2 h4+ 44. Kf3 Bxc3 45. Rxc3 Bf5 46. a3
Rb3 47. Re3 Bxh3 48. Kf2 Rb2 49. Rxh3 d5 50. Rxh4 Rb3 51. Rg4+ Kf7 52. Rg3 Rb2
53. Ke1 Kf6 54. Bg4 Rb1+ 55. Kd2 Rf1 56. Rf3 Rg1 57. Bh3 Ra1 58. Re3 d4 59.
Rxe6+ Kf7 60. Rd6 Rxa3 61. Bd7 Ke7 62. Rxd4 Ra2+ 63. Kc3 a3 64. Kb3 Ra1 65. Bg4
Rg1 66. Bh5 Rg3+ 67. Ka2 Kf6 68. Bd1 Rc3 69. Bg4 Rg3 70. Bd7 Rc3 71. f5 Ke5 72.
Ra4 Kd6 73. Be6 1-0

[Event "Championnat de la Loire - Top20"]
[Site "Loire"]
[Date "2003.10.04"]
[Round "1.2"]
[White "Cizeron, Frederic"]
[Black "Poncet, Alain"]
[Result "1/2-1/2"]
[WhiteElo "2080"]
[BlackElo "1860"]
[PlyCount "97"]

1. d4 g6 2. Nf3 Bg7 3. g3 d6 4. Bg2 Nf6 5. O-O O-O 6. c4 Nbd7 7. Nc3 c5 8. e4
cxd4 9. Nxd4 Ne5 10. b3 Bd7 11. h3 Qc8 12. Kh2 a6 13. Nd5 Nxd5 14. cxd5 Qc3 15.
Rb1 Qxd4 16. Qxd4 Ng4+ 17. hxg4 Bxd4 18. f3 Rfc8 19. Bg5 f6 20. Rfd1 Bb6 21.
Bc1 Rc2 22. Rd2 Rac8 23. Rxc2 Rxc2 24. a4 Bd4 25. Ba3 Bc3 26. Rc1 Rxc1 27. Bxc1
b5 28. Bf1 bxa4 29. bxa4 Bxa4 30. Bxa6 Bd7 31. Be3 Ba5 32. Kg2 Kf7 33. Kf2 Ke8
34. Ke2 Kf7 35. Kd3 Be1 36. Bf4 g5 37. Ke2 gxf4 38. Kxe1 fxg3 39. Kf1 h5 40.
gxh5 Bh3+ 41. Kg1 Kg7 42. Bf1 Bd7 43. Kg2 Kh6 44. Kxg3 Kxh5 45. Be2 Kh6 46. f4
Kg7 47. Bh5 Kh6 48. Kh4 Ba4 49. Bg4 1/2-1/2

[Event "Championnat de la Loire - Top20"]
[Site "Loire"]
[Date "2003.09.27"]
[Round "1.4"]
[White "Testard, Philippe"]
[Black "Roncin, Cesar"]
[Result "1-0"]
[WhiteElo "2040"]
[BlackElo "1790"]
[PlyCount "89"]

1. e4 e6 2. d4 d5 3. e5 c5 4. c3 Nc6 5. Nf3 Qb6 6. a3 c4 7. Nbd2 Na5 8. g3 Ne7
9. Rb1 Nb3 10. Bg2 Bd7 11. Nxb3 Ba4 12. O-O Bxb3 13. Qe2 a5 14. Ne1 g6 15. Bh3
Bg7 16. Ng2 O-O-O 17. Bg5 Rde8 18. Ne3 Kb8 19. Ng4 h6 20. Bf6 Bxf6 21. Nxf6 Rd8
22. f4 h5 23. Rf2 Ng8 24. Nxg8 Rdxg8 25. Rbf1 Ba4 26. Bg2 h4 27. g4 Rh7 28. Bh3
Bd7 29. Kh1 Qd8 30. f5 g5 31. fxe6 Bxe6 32. b4 Rh6 33. bxa5 Qxa5 34. Qb2 b6 35.
Rb1 Kc7 36. a4 Rb8 37. Qa3 Rg6 38. Rb5 Qa6 39. Qe7+ Kc8 40. Rxf7 Bxf7 41. Qf8+
Kb7 42. Qxf7+ Ka8 43. Qxg6 Qxa4 44. Qb1 Qa3 45. Bg2 1-0

[Event "Championnat de la Loire - Top20"]
[Site "Loire"]
[Date "2003.09.27"]
[Round "1.5"]
[White "Adamus, Jeremy"]
[Black "Ollier, Michel"]
[Result "1/2-1/2"]
[WhiteElo "1780"]
[BlackElo "2030"]
[PlyCount "69"]

1. d4 Nf6 2. c4 e6 3. Nf3 b6 4. Bf4 Ba6 5. Qc2 Bb4+ 6. Nbd2 O-O 7. a3 Be7 8. e4
d6 9. Bd3 h6 10. h3 Bb7 11. g4 Re8 12. Ke2 Nbd7 13. e5 dxe5 14. dxe5 Nc5 15.
exf6 Bxf6 16. Be3 Nxd3 17. Qxd3 Qe7 18. Rab1 e5 19. Ne4 Rad8 20. Qc2 c5 21.
Rhd1 Rd4 22. Nxf6+ Qxf6 23. Nxd4 exd4 24. Qf5 Qe7 25. Qf4 Qe6 26. b3 dxe3 27.
fxe3 g5 28. Qg3 Qe4 29. Rbc1 a6 30. Rd6 b5 31. cxb5 axb5 32. Rd7 b4 33. a4 Ba6+
34. Kf2 Qe6 35. Rcd1 1/2-1/2

[Event "Championnat de la Loire - Top20"]
[Site "Loire"]
[Date "2003.09.27"]
[Round "1.6"]
[White "Garon, Pierre"]
[Black "Carrot, Patrick"]
[Result "0-1"]
[WhiteElo "2009"]
[BlackElo "1780"]
[PlyCount "50"]

1. d4 d5 2. Nf3 c5 3. e3 Nc6 4. a3 cxd4 5. exd4 Bg4 6. c3 e6 7. h3 Bh5 8. Be2
Bd6 9. Nbd2 h6 10. Bd3 Nge7 11. Nf1 O-O 12. Be3 Re8 13. Qc2 Bg6 14. Ng3 Rc8 15.
Nh4 Bxg3 16. fxg3 e5 17. dxe5 Bxd3 18. Qxd3 Nxe5 19. Qc2 Nc4 20. Kf2 Nxe3 21.
Kxe3 Nf5+ 22. Kf2 Qb6+ 23. Kf3 Qe3+ 24. Kg4 Rc4+ 25. Kxf5 Qe5# 0-1

[Event "Championnat de la Loire - Top20"]
[Site "Loire"]
[Date "2003.09.27"]
[Round "1.7"]
[White "Lestra, Franck"]
[Black "Boblin, Laurent"]
[Result "0-1"]
[WhiteElo "1770"]
[BlackElo "1940"]
[PlyCount "58"]

1. d4 d5 2. c4 c6 3. Nc3 Nf6 4. e3 a6 5. b3 Bf5 6. Bd3 Bxd3 7. Qxd3 e6 8. Nf3
Bb4 9. a3 Bxc3+ 10. Qxc3 Nbd7 11. a4 O-O 12. O-O Ne4 13. Qc2 f5 14. Nd2 Qh4 15.
Ba3 Rf7 16. f3 Ng5 17. Bd6 Nf6 18. f4 Nge4 19. Nf3 Qh5 20. Bb4 Ng4 21. Rae1 Rf6
22. h3 Rh6 23. Nh2 a5 24. Ba3 Qh4 25. Rf3 Qxe1+ 26. Nf1 Ngf6 27. g4 fxg4 28.
hxg4 Nxg4 29. Qg2 Rg6 0-1

[Event "Championnat de la Loire - Top20"]
[Site "Loire"]
[Date "2003.09.27"]
[Round "1.8"]
[White "Petit, Didier"]
[Black "Walter, Alain"]
[Result "1-0"]
[WhiteElo "1920"]
[BlackElo "1760"]
[PlyCount "63"]

1. d4 d5 2. Nf3 Nf6 3. Nc3 e6 4. a3 c5 5. e3 a6 6. Be2 Nc6 7. O-O cxd4 8. exd4
Be7 9. Bg5 O-O 10. Bd3 h6 11. Bh4 Bd7 12. Re1 Rc8 13. Ne2 b5 14. Ne5 g5 15. Bg3
Nh5 16. c3 Nxg3 17. Nxg3 Be8 18. Qe2 Nxe5 19. dxe5 Rc6 20. Rad1 f5 21. exf6
Bxf6 22. Nh5 Bh8 23. Bb1 Qd7 24. Ng3 Qf7 25. Nf1 Bf6 26. Ne3 h5 27. Ba2 Bd7 28.
Nxd5 Bc8 29. Nb4 Rb6 30. Qe3 Bd8 31. Rxd8 Rxd8 32. Qxg5+ 1-0

[Event "Championnat de la Loire - Top20"]
[Site "Loire"]
[Date "2003.09.27"]
[Round "1.9"]
[White "Bruel, Bruno"]
[Black "Bellon, Yves"]
[Result "1-0"]
[WhiteElo "1750"]
[BlackElo "1910"]
[PlyCount "53"]

1. d4 Nf6 2. c4 c5 3. d5 d6 4. Nc3 g6 5. e4 Bg7 6. Nf3 O-O 7. h3 e6 8. Bd3 exd5
9. cxd5 Re8 10. O-O Bd7 11. Bf4 Qc7 12. Re1 Na6 13. Rc1 c4 14. Bf1 b5 15. e5
dxe5 16. Bxe5 Qb6 17. d6 Bc6 18. Be2 b4 19. Bxf6 Bxf6 20. Nd5 Bxd5 21. Qxd5 c3
22. Bc4 Rxe1+ 23. Rxe1 Rf8 24. Re8 Kg7 25. Rxf8 c2 26. Rxf7+ Kh6 27. Qd2+ 1-0

[Event "Championnat de la Loire - Top20"]
[Site "Loire"]
[Date "2003.09.27"]
[Round "1.10"]
[White "Massard, Christian"]
[Black "Pupier, Terry"]
[Result "1/2-1/2"]
[WhiteElo "1880"]
[BlackElo "1740"]
[PlyCount "38"]

1. c4 Nf6 2. Nc3 e5 3. Nf3 Nc6 4. g3 Bb4 5. Bg2 d6 6. Qc2 O-O 7. O-O Re8 8. d3
h6 9. Bd2 Bg4 10. e3 Qc8 11. a3 Bxc3 12. Bxc3 Bh3 13. b4 Bxg2 14. Kxg2 e4 15.
dxe4 Nxe4 16. Bb2 Qf5 17. Rad1 Nxg3 18. Qc3 Nh5 19. Rd5 Qg4+ 1/2-1/2

[Event "Championnat de la Loire - Top20"]
[Site "Loire"]
[Date "2003.10.04"]
[Round "1.11"]
[White "Minchilli, Franco"]
[Black "Bednar, Emile"]
[Result "1-0"]
[WhiteElo "1580"]
[BlackElo "1870"]
[PlyCount "137"]

1. e4 Nc6 2. c3 e5 3. Bc4 Nf6 4. d3 Be7 5. Nf3 O-O 6. O-O d6 7. h3 Na5 8. Nbd2
Bd7 9. Re1 b5 10. Bb3 c5 11. c4 b4 12. Nf1 Nc6 13. Ng3 a5 14. Nf5 Re8 15. Bg5
Bf8 16. Qd2 Re6 17. Qe3 Ne7 18. Nh2 Ne8 19. Qg3 Rg6 20. Qe3 f6 21. Bh4 Bxf5 22.
exf5 Nxf5 23. Qe4 Qc8 24. Nf3 Ne7 25. Bg3 f5 26. Qe2 f4 27. Bh2 Qxh3 28. g3 Nf5
29. Qf1 Qg4 30. Qg2 fxg3 31. fxg3 Rd8 32. Re4 Qh5 33. Bd1 Qh6 34. g4 Nh4 35.
Nxh4 Qxh4 36. Bg3 Qg5 37. Bf3 Nf6 38. Re2 h5 39. gxh5 Nxh5 40. Bd5+ Kh8 41. Bh4
Qh6 42. Bxd8 Rxg2+ 43. Rxg2 Qe3+ 44. Kh2 Nf4 45. Rg3 Qf2+ 46. Bg2 g6 47. Bg5
Kg7 48. Bxf4 exf4 49. Rf3 Qxb2 50. Raf1 g5 51. R3f2 Qd4 52. Be4 Be7 53. Kh3 a4
54. Rg2 Qe5 55. Rg4 Kf6 56. Kg2 b3 57. axb3 axb3 58. Kf3 Qd4 59. Re1 b2 60. Rg2
Bd8 61. Rh1 Ba5 62. Re2 Bd2 63. Rh6+ Kg7 64. Rh7+ Kg8 65. Rb7 g4+ 66. Kxg4 Bb4
67. Bd5+ Kf8 68. Rf7+ Kg8 69. Re8# 1-0

[Event "Championnat de la Loire - Top20"]
[Site "Loire"]
[Date "2003.10.18"]
[Round "2.1"]
[White "Deville, Olivier"]
[Black "Mujic, Saban"]
[Result "1/2-1/2"]
[WhiteElo "2040"]
[BlackElo "1870"]
[PlyCount "73"]

1. e4 c5 2. Nf3 d6 3. d4 cxd4 4. Nxd4 Nf6 5. Nc3 a6 6. f3 Nc6 7. Be3 Bd7 8. Qd2
e6 9. g4 h6 10. O-O-O Be7 11. Kb1 b5 12. Nxc6 Bxc6 13. Qf2 Nd7 14. h4 Qc7 15.
Bd3 Bf6 16. Bd4 Bxd4 17. Qxd4 e5 18. Qe3 b4 19. Nd5 Bxd5 20. exd5 Qc5 21. Qe1
a5 22. f4 a4 23. Bf5 f6 24. Bg6+ Ke7 25. Qg3 a3 26. b3 Rhc8 27. Rh3 Rc7 28. g5
Qc3 29. Qxc3 Rxc3 30. Rxc3 bxc3 31. gxh6 gxh6 32. f5 Nb6 33. Rd3 Rc8 34. Bh5
Rg8 35. Bg6 Rc8 36. Bh5 Rg8 37. Bg6 1/2-1/2

[Event "Championnat de la Loire - Top20"]
[Site "Loire"]
[Date "2003.10.18"]
[Round "2.2"]
[White "Carrot, Patrick"]
[Black "Testard, Philippe"]
[Result "0-1"]
[WhiteElo "1780"]
[BlackElo "2040"]
[PlyCount "92"]

1. d4 Nf6 2. Bg5 e6 3. Nf3 Be7 4. c4 b6 5. Nc3 Bb7 6. Qc2 O-O 7. e4 d6 8. O-O-O
Nbd7 9. h3 a6 10. Bd3 e5 11. Be2 Qb8 12. g4 c6 13. Bh4 b5 14. g5 Ne8 15. g6
Bxh4 16. gxh7+ Kh8 17. Nxh4 bxc4 18. Rhg1 exd4 19. Rxd4 c5 20. Rdd1 d5 21. exd5
Qf4+ 22. Kb1 Qxh4 23. Bg4 Rd8 24. Ka1 Nd6 25. f3 Ne5 26. Ne4 Nxe4 27. fxe4 Rb8
28. Qc3 f6 29. Rd2 Bc8 30. Rdg2 g5 31. Qa5 Qh6 32. Qxc5 Bxg4 33. hxg4 Qg6 34.
Qe3 a5 35. Rf1 Rf7 36. Qd4 Rfb7 37. Rgf2 Rf8 38. Qxe5 fxe5 39. Rxf8+ Kxh7 40.
Rh1+ Kg7 41. Rfh8 a4 42. Rc8 a3 43. b3 cxb3 44. axb3 Qxe4 45. Rhh8 Qd4+ 46. Kb1
Qb2# 0-1

[Event "Championnat de la Loire - Top20"]
[Site "Loire"]
[Date "2003.10.18"]
[Round "2.3"]
[White "Boblin, Laurent"]
[Black "Bruel, Bruno"]
[Result "1-0"]
[WhiteElo "1940"]
[BlackElo "1750"]
[PlyCount "71"]

1. e4 c5 2. c3 d5 3. exd5 Qxd5 4. d4 Nf6 5. Nf3 Bg4 6. Be2 e6 7. O-O Be7 8. Be3
cxd4 9. Nxd4 Bxe2 10. Qxe2 O-O 11. Nb5 Na6 12. Bxa7 Rfd8 13. Bd4 Rd7 14. N1a3
Nc5 15. Nc2 Rad8 16. b4 Nce4 17. Bb6 Rc8 18. Rfd1 Qc6 19. Rxd7 Nxd7 20. Bd4 e5
21. Na7 Nxc3 22. Bxc3 Qxc3 23. Nxc8 Qxc8 24. Rd1 Bf6 25. Qg4 Qxc2 26. Qxd7 g6
27. g3 Qxa2 28. Qxb7 Qb3 29. Rd7 Qc4 30. Qd5 Qxd5 31. Rxd5 Kf8 32. b5 Ke8 33.
b6 Bd8 34. Rxe5+ Kd7 35. Rd5+ Kc8 36. b7+ 1-0

[Event "Championnat de la Loire - Top20"]
[Site "Loire"]
[Date "2003.10.18"]
[Round "2.4"]
[White "Minchilli, Franco"]
[Black "Petit, Didier"]
[Result "0-1"]
[WhiteElo "1580"]
[BlackElo "1920"]
[PlyCount "198"]

1. d4 Nf6 2. Nf3 e6 3. c4 b6 4. Nc3 Bb7 5. e3 d6 6. Bd3 Be7 7. e4 Nc6 8. a3 e5
9. d5 Nb8 10. Bg5 Nbd7 11. O-O O-O 12. Nh4 g6 13. f4 Nh5 14. Bxe7 Qxe7 15. Nf5
Qd8 16. fxe5 Nxe5 17. Be2 Ng7 18. Nh6+ Kh8 19. Qd4 Qg5 20. Nxf7+ Rxf7 21. Rxf7
Nxf7 22. Nb5 Qe7 23. Rf1 Ne5 24. Qe3 a6 25. Nc3 Rf8 26. Rxf8+ Qxf8 27. Qg5 Bc8
28. Nd1 Kg8 29. Ne3 Nf7 30. Qh4 Qd8 31. Qg3 Qf6 32. Bg4 Bxg4 33. Qxg4 Qd8 34.
Nc2 Ne5 35. Qe2 a5 36. Nd4 h6 37. h3 Qf6 38. b3 Kh7 39. Nb5 c5 40. dxc6 Nxc6
41. Qd1 Ne8 42. Qd5 Qa1+ 43. Kf2 Qb2+ 44. Kg1 Qa1+ 45. Kf2 Qf6+ 46. Kg1 Nd8 47.
Qa8 Qe7 48. Qc8 Nf7 49. Qc6 Qd8 50. Qd5 Kg7 51. Nd4 Qh4 52. Ne6+ Kg8 53. Qa8
Qe7 54. Nf4 Kg7 55. Qd5 Nf6 56. Qd4 Qxe4 57. Qf2 g5 58. Ne2 Qb1+ 59. Kh2 Qc2
60. Qe3 Ne5 61. Kh1 Qd3 62. Qxd3 Nxd3 63. Nd4 Kg6 64. Kg1 d5 65. cxd5 Nxd5 66.
Kf1 Kf6 67. Ke2 N5f4+ 68. Kf3 h5 69. Ke4 Nc5+ 70. Kf3 Ke5 71. Nc6+ Kd6 72. Nd4
Nfe6 73. Nf5+ Ke5 74. Ne3 Nd4+ 75. Kf2 b5 76. a4 Ncxb3 77. axb5 Nxb5 78. g4 h4
79. Nc4+ Ke4 80. Nb2 Nc3 81. Nc4 a4 82. Na3 Nd1+ 83. Ke1 Kf3 84. Kxd1 Kg3 85.
Nc2 Kxh3 86. Ne3 Kg3 87. Ke1 a3 88. Kf1 a2 89. Nc2 Kxg4 90. Kg1 Kg3 91. Kh1 g4
92. Kg1 Kf3 93. Kf1 h3 94. Kg1 g3 95. Kh1 a1=Q+ 96. Nxa1 Nxa1 97. Kg1 Nb3 98.
Kh1 g2+ 99. Kg1 Nd2 0-1

[Event "Championnat de la Loire - Top20"]
[Site "Loire"]
[Date "2003.10.18"]
[Round "2.5"]
[White "Pupier, Terry"]
[Black "Cizeron, Frederic"]
[Result "0-1"]
[WhiteElo "1740"]
[BlackElo "2080"]
[PlyCount "74"]

1. e4 e6 2. d4 d5 3. Nc3 Nf6 4. Bg5 Be7 5. e5 Nfd7 6. Bxe7 Qxe7 7. f4 f5 8. Nf3
a6 9. g3 c5 10. Bg2 Nc6 11. Qd2 b5 12. dxc5 Nxc5 13. Nd4 Nxd4 14. Qxd4 Bb7 15.
O-O O-O 16. Rad1 Rfd8 17. Ne2 Rac8 18. c3 Ne4 19. Bxe4 dxe4 20. Qb6 Bd5 21. Nd4
Ra8 22. Rfe1 Rd7 23. Nc6 Bxc6 24. Qxc6 Rad8 25. Rxd7 Rxd7 26. Re2 g5 27. fxg5
Kf7 28. h4 Rd5 29. b4 Qa7+ 30. Kg2 Qb8 31. Qxa6 Qxe5 32. Qb7+ Kg6 33. Qc8 Qd6
34. Qe8+ Kg7 35. Qh5 Rd3 36. Qh6+ Kg8 37. Rf2 Qxg3+ 0-1

[Event "Championnat de la Loire - Top20"]
[Site "Loire"]
[Date "2003.10.18"]
[Round "2.6"]
[White "Ollier, Michel"]
[Black "Massard, Christian"]
[Result "1/2-1/2"]
[WhiteElo "2030"]
[BlackElo "1880"]
[PlyCount "50"]

1. e4 g6 2. d4 Bg7 3. Nc3 d6 4. f4 Nf6 5. Nf3 O-O 6. Bd3 Nbd7 7. O-O c5 8. e5
Ne8 9. Be3 cxd4 10. Bxd4 dxe5 11. fxe5 Qa5 12. Qe1 Nc7 13. Ne4 Qxe1 14. Raxe1
Ne6 15. Bc3 Nb6 16. Bb4 Nd5 17. Ba3 a5 18. c3 h6 19. Bc4 Nec7 20. Bc5 Bf5 21.
Ng3 Be6 22. Bxd5 Bxd5 23. Bxe7 Rfe8 24. Bf6 Bxa2 25. Bxg7 Kxg7 1/2-1/2

[Event "Championnat de la Loire - Top20"]
[Site "Loire"]
[Date "2003.10.18"]
[Round "2.7"]
[White "Poncet, Alain"]
[Black "Cursoux, Gerard"]
[Result "1-0"]
[WhiteElo "1860"]
[BlackElo "2130"]
[PlyCount "87"]

1. d4 f5 2. c4 Nf6 3. Nc3 e6 4. Bd2 b6 5. Nf3 Bb7 6. e3 Ne4 7. d5 exd5 8. cxd5
Nxd2 9. Qxd2 Be7 10. Bc4 Bf6 11. Nd4 g6 12. O-O O-O 13. e4 f4 14. Rfe1 Be5 15.
Nc6 Bxc6 16. dxc6+ Kg7 17. cxd7 Qxd7 18. Qxd7+ Nxd7 19. Red1 Rad8 20. f3 Bxc3
21. bxc3 Ne5 22. Be2 Kf6 23. Kf1 c6 24. Ke1 Ke6 25. Rd4 c5 26. Rxd8 Rxd8 27.
Rd1 Rxd1+ 28. Kxd1 c4 29. Kd2 Kd6 30. Kc2 Kc5 31. Kd2 b5 32. Kc2 a5 33. a3 Nc6
34. Bf1 b4 35. axb4+ axb4 36. Be2 b3+ 37. Kb2 Ne5 38. Bf1 Nd7 39. Ka3 Nb6 40.
g3 g5 41. Bh3 Na4 42. gxf4 gxf4 43. Bf5 h6 44. Kxa4 1-0

[Event "Championnat de la Loire - Top20"]
[Site "Loire"]
[Date "2003.10.25"]
[Round "2.8"]
[White "Roncin, Cesar"]
[Black "Garon, Pierre"]
[Result "0-1"]
[WhiteElo "1790"]
[BlackElo "2009"]
[PlyCount "88"]

1. a3 d5 2. Nf3 Nf6 3. d3 b6 4. b3 Bb7 5. Bb2 Nbd7 6. Nbd2 e6 7. e3 Be7 8. Be2
O-O 9. O-O Bd6 10. c4 Re8 11. h3 Rc8 12. b4 c5 13. b5 Bb8 14. Qc2 Qe7 15. Rfd1
e5 16. a4 e4 17. dxe4 dxe4 18. Ne1 Ne5 19. Nf1 Qe6 20. Rab1 h5 21. f4 exf3 22.
Nxf3 Be4 23. Qc3 Bxb1 24. Rxb1 Nxf3+ 25. Bxf3 Be5 26. Qc2 Bxb2 27. Rxb2 Rcd8
28. Rb3 g6 29. Rc3 Ne4 30. Bxe4 Qxe4 31. Qe2 Qe5 32. Rc1 Rd6 33. Rc2 f5 34. Kf2
Kg7 35. Rd2 Rxd2 36. Qxd2 Re7 37. a5 bxa5 38. Qxa5 Qb2+ 39. Kg1 Qe5 40. Kf2 f4
41. Qd2 Rf7 42. Ke2 Qe4 43. Qc3+ Kh7 44. h4 f3+ 0-1

[Event "Championnat de la Loire - Top20"]
[Site "Loire"]
[Date "2003.10.18"]
[Round "2.9"]
[White "Bellon, Yves"]
[Black "Treveys, Maxime"]
[Result "1-0"]
[WhiteElo "1910"]
[BlackElo "1800"]
[PlyCount "43"]

1. c4 Nf6 2. Nc3 g6 3. e4 d6 4. d4 Bg7 5. f4 O-O 6. Nf3 Nbd7 7. Be2 Re8 8. e5
dxe5 9. fxe5 Ng4 10. h3 Nh6 11. Bf4 e6 12. Qd2 Nf5 13. O-O-O b6 14. g4 Ne7 15.
Bh6 Bb7 16. Rhf1 Rc8 17. Bxg7 Kxg7 18. Ng5 Rf8 19. Rxf7+ Kg8 20. Nxe6 Qe8 21.
Rg7+ Kh8 22. Qh6 1-0

[Event "Championnat de la Loire - Top20"]
[Site "Loire"]
[Date "2003.10.18"]
[Round "2.10"]
[White "Bednar, Emile"]
[Black "Lestra, Franck"]
[Result "0-1"]
[WhiteElo "1870"]
[BlackElo "1770"]
[PlyCount "130"]

1. e4 c5 2. Nf3 d6 3. d4 cxd4 4. Nxd4 Nf6 5. Nc3 g6 6. Bb5+ Bd7 7. Qe2 Bg7 8.
O-O a6 9. Bxd7+ Nbxd7 10. Nb3 O-O 11. Be3 Qc7 12. Kh1 Ne5 13. Bd4 Nc6 14. Bxf6
exf6 15. Nd5 Qd8 16. c3 Re8 17. f3 Ne7 18. Rad1 Nxd5 19. Rxd5 Qb6 20. Qd3 Rad8
21. Rd1 f5 22. h3 fxe4 23. fxe4 Be5 24. Rf1 Re7 25. Qf3 Rde8 26. Rd2 Qc7 27.
Nd4 Bg7 28. Re2 Rf8 29. Qd3 Qd7 30. Nf3 h6 31. Rd1 Rd8 32. c4 Qe8 33. Qd5 Red7
34. a4 Be5 35. Nh4 Kg7 36. g4 Rc7 37. b3 Rcd7 38. Nf3 Qe7 39. Rg2 Qe8 40. Rf1
Qe7 41. h4 Re8 42. h5 g5 43. Nd2 Bf4 44. Qf5 Bxd2 45. Rxd2 Qxe4+ 46. Kh2 Qxf5
47. Rxf5 Re4 48. Kg3 Re3+ 49. Rf3 Rxf3+ 50. Kxf3 Kf6 51. Ke4 Re7+ 52. Kd5 Re6
53. b4 Ke7 54. a5 Re5+ 55. Kd4 f5 56. gxf5 Rxf5 57. Re2+ Kd7 58. Re3 g4 59. Re4
Rg5 60. Rf4 g3 61. Rf1 Rxh5 62. Ke3 Rg5 63. Kf4 g2 64. Rg1 Rg8 65. c5 d5 0-1

[Event "Championnat de la Loire - Top20"]
[Site "Loire"]
[Date "2003.11.29"]
[Round "3.1"]
[White "Testard, Philippe"]
[Black "Boblin, Laurent"]
[Result "0-1"]
[WhiteElo "2040"]
[BlackElo "1940"]
[PlyCount "36"]

1. e4 c6 2. d4 d5 3. exd5 cxd5 4. c4 Nf6 5. Nc3 e6 6. Nf3 Bb4 7. Bd3 dxc4 8.
Bxc4 O-O 9. O-O Qc7 10. Qe2 Bxc3 11. bxc3 b6 12. Bg5 Nbd7 13. Rac1 Bb7 14. Bd3
Nd5 15. Qd2 Rac8 16. c4 N5f6 17. Qe2 Ng4 18. Bh4 Bxf3 0-1

[Event "Championnat de la Loire - Top20"]
[Site "Loire"]
[Date "2003.11.29"]
[Round "3.2"]
[White "Petit, Didier"]
[Black "Deville, Olivier"]
[Result "0-1"]
[WhiteElo "1920"]
[BlackElo "2040"]
[PlyCount "80"]

1. d4 d5 2. Nf3 c6 3. a3 Bf5 4. Nbd2 e6 5. e3 Nd7 6. c4 Bd6 7. Be2 h6 8. b4
Ngf6 9. Bb2 O-O 10. Ne5 a5 11. c5 Bxe5 12. dxe5 Ne4 13. Nxe4 Bxe4 14. Bf3 Bxf3
15. Qxf3 b6 16. Rc1 axb4 17. axb4 bxc5 18. O-O c4 19. e4 Qb6 20. exd5 cxd5 21.
Qg3 Qxb4 22. Bd4 Ra3 23. Bc3 Qc5 24. Qf4 Rb8 25. Bd4 Qe7 26. Be3 Qg5 27. Qd4
Qf5 28. Qh4 Rab3 29. Ba7 R8b7 30. Qd8+ Kh7 31. Bd4 Nxe5 32. Qf8 f6 33. f4 Nc6
34. Qc5 Nxd4 35. Qxd4 Qd3 36. Qa1 Rb2 37. Rf3 Qd2 38. Rg3 c3 39. Rd1 Qf2+ 40.
Kh1 c2 0-1

[Event "Championnat de la Loire - Top20"]
[Site "Loire"]
[Date "2003.11.29"]
[Round "3.3"]
[White "Mujic, Saban"]
[Black "Poncet, Alain"]
[Result "1/2-1/2"]
[WhiteElo "1870"]
[BlackElo "1860"]
[PlyCount "43"]

1. d4 Nf6 2. c4 g6 3. Nc3 Bg7 4. Nf3 d6 5. e4 Nbd7 6. Bd3 O-O 7. O-O Re8 8. Bg5
c5 9. d5 a6 10. Rc1 Nf8 11. Re1 e5 12. a3 Bd7 13. b4 cxb4 14. axb4 Qb6 15. Rb1
Ng4 16. Qd2 Rac8 17. h3 Nf6 18. Be3 Qc7 19. Rec1 Nxe4 20. Nxe4 f5 21. c5 fxe4
22. Bxe4 1/2-1/2

[Event "Championnat de la Loire - Top20"]
[Site "Loire"]
[Date "2003.11.29"]
[Round "3.4"]
[White "Cizeron, Frederic"]
[Black "Ollier, Michel"]
[Result "1-0"]
[WhiteElo "2080"]
[BlackElo "2030"]
[PlyCount "49"]

1. d4 Nf6 2. Nf3 e6 3. g3 c5 4. Bg2 d5 5. O-O Be7 6. b3 Nc6 7. Bb2 Qc7 8. Nbd2
b6 9. c4 Ba6 10. cxd5 exd5 11. Rc1 h5 12. Re1 h4 13. Nxh4 Rxh4 14. gxh4 Ng4 15.
Nf1 Bxh4 16. Ng3 Qf4 17. Bf3 Nxh2 18. Kxh2 O-O-O 19. dxc5 Rh8 20. Kg2 Kb8 21.
Qxd5 Bc8 22. Qxc6 Bxg3 23. Qa8+ Kc7 24. cxb6+ Kxb6 25. Qc6+ 1-0

[Event "Championnat de la Loire - Top20"]
[Site "Loire"]
[Date "2003.11.29"]
[Round "3.5"]
[White "Garon, Pierre"]
[Black "Lestra, Franck"]
[Result "1-0"]
[WhiteElo "2009"]
[BlackElo "1770"]
[PlyCount "70"]

1. d4 Nf6 2. Nf3 g6 3. e3 d5 4. Bd3 Bg7 5. Nbd2 O-O 6. O-O Nbd7 7. b4 a5 8. c3
c6 9. a4 b6 10. Qe2 c5 11. b5 cxd4 12. cxd4 Ne8 13. Bb2 Nd6 14. Rac1 Nf6 15.
Ne5 Bf5 16. Nc6 Bxd3 17. Qxd3 Qd7 18. f3 Rfe8 19. Rfd1 Qf5 20. Qxf5 gxf5 21.
Ba3 Bh6 22. f4 Bf8 23. Rc2 Nde4 24. Nxe4 Nxe4 25. Rdc1 Nd6 26. Ne5 f6 27. Bxd6
exd6 28. Nd7 Rxe3 29. Rc8 Rxc8 30. Rxc8 Re7 31. Rxf8+ Kg7 32. Rd8 Re4 33. Nxb6
Rxf4 34. Rxd6 Rxd4 35. Rxd5 Re4 1-0

[Event "Championnat de la Loire - Top20"]
[Site "Loire"]
[Date "2003.11.28"]
[Round "3.6"]
[White "Walter, Alain"]
[Black "Bellon, Yves"]
[Result "0-1"]
[WhiteElo "1760"]
[BlackElo "1910"]
[PlyCount "62"]

1. e4 c5 2. Nc3 Nc6 3. f4 g6 4. Nf3 Bg7 5. Bc4 e6 6. O-O Nge7 7. a3 O-O 8. Ne2
d5 9. exd5 exd5 10. Ba2 Qb6 11. Kh1 h6 12. d3 Be6 13. c3 d4 14. Bxe6 fxe6 15.
c4 Nf5 16. Rb1 a5 17. g4 Ne3 18. Bxe3 dxe3 19. Qc1 Bd4 20. Ne1 Ne5 21. h3 g5
22. Kh2 gxf4 23. Nxf4 Qd6 24. Neg2 Nxd3 25. Qc2 Nxf4 26. Nxf4 Rxf4 27. Qg6+ Bg7
28. Kh1 Raf8 29. Rxf4 Rxf4 30. g5 hxg5 31. Rg1 Qc6+ 0-1

[Event "Championnat de la Loire - Top20"]
[Site "Loire"]
[Date "2003.11.29"]
[Round "3.7"]
[White "Massard, Christian"]
[Black "Minchilli, Franco"]
[Result "1-0"]
[WhiteElo "1880"]
[BlackElo "1580"]
[PlyCount "71"]

1. Nf3 Nf6 2. c4 g6 3. Nc3 Bg7 4. d4 d5 5. cxd5 Nxd5 6. e4 Nf6 7. h3 c6 8. Bc4
O-O 9. Bf4 b5 10. Bd3 Qa5 11. O-O Nbd7 12. a3 Qb6 13. Be3 Qc7 14. Rc1 Qd8 15.
Qd2 Re8 16. Bf4 a6 17. e5 Nd5 18. Nxd5 cxd5 19. e6 fxe6 20. Bc7 Ne5 21. Bxd8
Nxf3+ 22. gxf3 Rxd8 23. Rc7 Bf6 24. Rfc1 Bd7 25. Be2 Kg7 26. f4 Be8 27. Bg4 Bf7
28. R1c6 Rg8 29. Bxe6 Bxe6 30. Rxe6 Kf7 31. Qe3 Rae8 32. Rxa6 g5 33. Qe6+ Kg6
34. f5+ Kh5 35. Qf7+ Kh6 36. Rxf6+ 1-0

[Event "Championnat de la Loire - Top20"]
[Site "Loire"]
[Date "2003.11.29"]
[Round "3.8"]
[White "Bruel, Bruno"]
[Black "Carrot, Patrick"]
[Result "1/2-1/2"]
[WhiteElo "1750"]
[BlackElo "1780"]
[PlyCount "52"]

1. d4 d5 2. c4 e6 3. Nc3 Nf6 4. Nf3 h6 5. e3 Nbd7 6. Bd3 c6 7. O-O Bd6 8. b3
O-O 9. Bb2 Re8 10. e4 e5 11. dxe5 Nxe5 12. exd5 Bg4 13. Be2 cxd5 14. Nxd5 Nxd5
15. Qxd5 Nc6 16. Qd3 Qe7 17. Qc3 f6 18. Rfd1 Bb4 19. Qe3 Qxe3 20. fxe3 Rxe3 21.
Bf1 Bc5 22. Kh1 Ne5 23. Rd5 Rxf3 24. Rxc5 Rxf1+ 25. Rxf1 Nd3 26. Ba3 Nxc5
1/2-1/2

[Event "Championnat de la Loire - Top20"]
[Site "Loire"]
[Date "2003.11.29"]
[Round "3.10"]
[White "Cursoux, Gerard"]
[Black "Roncin, Cesar"]
[Result "1-0"]
[WhiteElo "2130"]
[BlackElo "1790"]
[PlyCount "47"]

1. f4 Nc6 2. Nf3 Nf6 3. e3 d5 4. d4 e6 5. c4 Be7 6. Nc3 Bb4 7. a3 Bxc3+ 8. bxc3
Ne4 9. Qc2 f6 10. Bd3 f5 11. a4 Na5 12. O-O Nxc4 13. Bxc4 dxc4 14. Ba3 b6 15.
Ne5 Bb7 16. Rab1 Nd6 17. Qe2 g6 18. Nxc4 Ne4 19. Rfc1 a5 20. Ne5 Ba6 21. c4 Qh4
22. Qb2 Rb8 23. d5 Nd6 24. Nf3 1-0